000 00869cam a2200289 i 4500
001 2264103
003 OSt
005 20160419101040.0
008 780828s1979 nyua b 001 0 eng
010 _a 78014021
020 _a067140069X
020 _a0671400568 (pbk.)
040 _aSEKU
050 0 0 _aRJ 61
_b.S3
100 1 _aSamuels, Mike.
245 1 4 _aThe well baby book /
_cMike Samuels and Nancy Samuels ; illustrated by Wendy Frost, and designed by Clint Anglin.
260 _aNew York :
_bSummit Books,
_c1979.
300 _a400 p. :
_bill. ;
_c29 cm.
500 _aIncludes index.
504 _aBibliography: p. 393-[394].
650 0 _aInfants
_xHealth and hygiene.
650 0 _aInfants
_xDiseases.
650 0 _aPrenatal influences.
650 2 _aInfant care
_xPopular works.
700 1 _aSamuels, Nancy,
_ejoint author.
942 _2lcc
_cGEN
999 _c12777
_d12777